000 01334nam0a22003011 4500
001 rc\2285310
005 20260407074859.0
035 _a(NLR Aleph) 006564140
090 _a6875445
_c6875445
100 _a20110829d1976 |||y0rusy50 ca
101 0 _arus
102 _aRU
105 _aa z |||||
200 1 _aЗаболевания форели в рыбоводных хозяйствах и рекомендации по их лечению и профилактике
_eМетод. пособие
_f[Сост. Е.А. Богданова]
_gГос. науч.-исслед. ин-т озерного и речного рыбного хоз-ва
210 _aЛенинград
_cГосНИОРХ
_d1976
215 _a55 с.
_cил.
_d20
606 _aФорель
_xБолезни
_2psbo
686 _aП873.382я8
_2rubbk
702 1 _4220
_8rus
_7ca
_aБогданова
_bЕ. А.
_cд-р биол. наук
_f1922-
_gЕвгения Алексеевна
_3RU\NLR\AUTH\7721949
_95010
712 0 2 _aНИИ озерного и речного рыбного хозяйства
_cЛенинград
_3RU\NLR\AUTH\883913
_9279166
801 0 _aRU
_bNLR
_gpsbo
801 1 _aRU
_bELAR
_2rusmarc
852 _aNLR
_j76-4/24167
899 _aRuMoRGB
_jБ 76-54/1277
899 _aRuMoRGB
_jБ 76-54/1278
942 _cBOOK
980 _aNB